000 01167cam a2200277 i 4500
999 _c7706
_d7706
003 OSt
005 20200317170301.0
008 150817s2016 nju b 001 0 eng
010 _a 2015031888
020 _a9781118882009 (paperback)
040 _aDLC
_beng
_cDLC
_erda
_dDLC
082 0 0 _a729
_223
_bKAR
084 _aARC007000
_2bisacsh
100 1 _aKarlen, Mark,
_eauthor.
245 1 0 _aSpace planning basics /
_cMark Karlen, Rob Fleming.
250 _aFourth edition.
300 _axii, 237 pages ;
_c28 cm
504 _aIncludes bibliographical references and index.
520 _a"Space Planning Basics is the go-to guide for interior designers and space planners and in this extensive revision offers a complete learning solution for anyone in the early stages of their design"--
650 0 _aInterior architecture.
650 0 _aSpace (Architecture)
650 7 _aARCHITECTURE / Interior Design / General.
_2bisacsh
700 1 _aFleming, Rob
_q(Robert Michael),
_eauthor.
776 0 8 _iOnline version:
_aKarlen, Mark, author.
_tSpace planning basics
_bFourth edition.
_dHoboken, New Jersey : Wiley, 2016
_z9781118882511
_w(DLC) 2015032973
942 _2ddc